000 00976nam a2200229 i 4500
001 160470
003 ES-MaACL
005 20250718063331.0
008 990507s1898 sp |||| | spa d
040 _aCCPB | B
_bspa
_cCCPB | B
100 1 _aDu Pouget, Jean,
_d1818-1904
_eaut
_9130379
245 1 3 _aEl fin de la humanidad /
_cpor el Marqués de Nadaillac ; versión castellana de Rafael Álvarez Sereix.
260 _aMadrid :
_b[s.n.],
_c1898
_f(Imp. de los Hijos de M.G. Hernández)
300 _a52 páginas ;
_c22 cm.
650 4 _aFin del mundo
_2embne
_912869
700 1 _aÁlvarez Sereix, Rafael,
_d1856-1946
_etrl
_920966
852 _aES-MaACL
_cDEPOF
_gDedicatoria ms. de Rafael Álvarez Sereix al Ateneo de Madrid
_hDonativo de Rafael Álvarez Sereix
_jT-803-F-4
_xEnc. en un vol. facticio
_xHolandesa, conservando cub. original
942 _2udc
_cFOLLETOS
_n0
999 _c160470
_d160470